Top 100 Roller Coasters in the World - Statistics

General Stats
  • This quiz has been taken 172 times
  • The average score is 50 of 100
Answer Stats
Answer Country Park Manufacturer Opening Year Type % Correct
2 Iron Gwazi United States Busch Gardens Tampa Rocky Mountain Construction 2022 IBox Track
92%
1 Steel Vengeance United States Cedar Point Rocky Mountain Construction 2018 IBox Track
92%
4 VelociCoaster United States Universal Islands of Adventure Intamin Amusement Rides 2021 LSM Launch
88%
3 Zadra Poland Energylandia Rocky Mountain Construction 2019 IBox Track
86%
10 Fury 325 United States Carowinds Bolliger & Mabillard 2015 Hyper
85%
12 Maverick United States Cedar Point Intamin Amusement Rides 2007 LSM Launch
83%
6 Ride to Happiness Belgium Plopsaland de Panne Mack Rides 2021 Xtreme Spinning
81%
20 El Toro United States Six Flags Great Adventure Intamin Amusement Rides 2006 Wooden (Prefabricated)
77%
13 Wildcat's Revenge United States Hersheypark Rocky Mountain Construction 2023 IBox Track
77%
9 ArieForce One United States Fun Spot America Atlanta Rocky Mountain Construction 2023 IBox Track
76%
15 Pantherian United States Kings Dominion Intamin Amusement Rides 2010 Giga
76%
17 Twisted Timbers United States Kings Dominion Rocky Mountain Construction 2018 IBox Track
73%
36 Iron Rattler United States Six Flags Fiesta Texas Rocky Mountain Construction 2013 IBox Track
72%
11 Untamed Netherlands Walibi Holland Rocky Mountain Construction 2019 IBox Track
72%
38 X2 United States Six Flags Magic Mountain Arrow Dynamics 2002 4th Dimension
72%
42 F.L.Y. Germany Phantasialand Vekoma Rides Manufacturing 2020 Flying
69%
8 Hakugei Japan Nagashima Spa Land Rocky Mountain Construction 2019 IBox Track
69%
23 Lightning Rod United States Dollywood Rocky Mountain Construction 2016 Topper Track
69%
52 Millennium Force United States Cedar Point Intamin Amusement Rides 2000 Giga
69%
49 Time Traveler United States Silver Dollar City Mack Rides 2018 Xtreme Spinning
67%
50 Top Thrill Dragster United States Cedar Point Intamin Amusement Rides 2003 Accelerator
67%
28 Twisted Colossus United States Six Flags Magic Mountain Rocky Mountain Construction 2015 IBox Track
67%
26 Hyperion Poland Energylandia Intamin Amusement Rides 2018 Mega
66%
47 Mako United States SeaWorld Orlando Bolliger & Mabillard 2016 Hyper
66%
32 Skyrush United States Hersheypark Intamin Amusement Rides 2012 Wing
66%
22 Wildfire Sweden Kolmården Rocky Mountain Construction 2016 Topper Track
65%
34 Pantheon United States Busch Gardens Williamsburg Intamin Amusement Rides 2022 LSM Launch
64%
7 Taiga Finland Linnanmäki Intamin Amusement Rides 2019 LSM Launch
64%
25 Helix Sweden Liseberg Mack Rides 2014 Launch
63%
39 Hyperia United Kingdom Thorpe Park Mack Rides 2024 Hypercoaster
63%
18 Voltron Germany Europa Park Mack Rides 2024 Stryker Coaster
63%
5 Eejanaika Japan Fuji-Q Highland S&S Sansei Technologies 2006 4th Dimension
62%
55 Formula Rossa United Arab Emirates Ferrari World Abu Dhabi Intamin Amusement Rides 2010 Accelerator
62%
59 Leviathan Canada Canada's Wonderland Bolliger & Mabillard 2012 Hyper
62%
21 Taron Germany Phantasialand Intamin Amusement Rides 2016 LSM Launch
62%
16 Toutatis France Parc Astérix Intamin Amusement Rides 2023 LSM Launch
62%
67 Goliath United States Six Flags Great America Rocky Mountain Construction 2014 Topper Track
60%
78 Goliath United States Six Flags Over Georgia Bolliger & Mabillard 2006 Hyper
60%
27 Wicked Cyclone United States Six Flags New England Rocky Mountain Construction 2015 IBox Track
60%
19 T Express South Korea Everland Intamin Amusement Rides 2008 Wooden (Prefabricated)
58%
14 Batman Gotham City Escape Spain Parque Warner Madrid Intamin Amusement Rides 2023 LSM Launch
57%
33 Flying Dinosaur Japan Universal Studios Japan Bolliger & Mabillard 2016 Flying
57%
35 Outlaw Run United States Silver Dollar City Rocky Mountain Construction 2013 Topper Track
57%
30 Shambhala Spain PortAventura Park Bolliger & Mabillard 2012 Hyper
57%
45 Voyage United States Holiday World The Gravity Group 2006 Hybrid
57%
29 Expedition GeForce Germany Plopsaland Deutschland Intamin Amusement Rides 2001 Mega
53%
24 Kondaa Belgium Walibi Belgium Intamin Amusement Rides 2021 Mega
52%
61 Mystic Timbers United States Kings Island Great Coasters International 2017 Wooden
50%
54 Phantom's Revenge United States Kennywood D.H. Morgan Manufacturing 2001 Looping
50%
75 Joker United States Six Flags Discovery Kingdom Rocky Mountain Construction 2016 IBox Track
49%
46 DC Rivals HyperCoaster Australia Warner Bros. Movie World Mack Rides 2017 Hypercoaster
48%
44 Lech Coaster Poland Legendia Vekoma Rides Manufacturing 2017 Sit Down Thrill
48%
56 Nemesis Reborn United Kingdom Alton Towers Bolliger & Mabillard 1994 Inverted
48%
65 Tatsu United States Six Flags Magic Mountain Bolliger & Mabillard 2006 Flying
48%
63 Twisted Cyclone United States Six Flags Over Georgia Rocky Mountain Construction 2018 IBox Track
47%
48 Phoenix United States Knoebels Philadelphia Toboggan Coaster 1985 Wooden
45%
51 Railblazer United States California's Great America Rocky Mountain Construction 2018 Raptor Track
45%
72 Hagrid’s Magical Creatures Motorbike Adventure United States Universal Islands of Adventure Intamin Amusement Rides 2019 LSM Launch
43%
73 Manta United Arab Emirates SeaWorld Abu Dhabi Intamin Amusement Rides 2023 LSM Launch
43%
41 Flying Aces United Arab Emirates Ferrari World Abu Dhabi Intamin Amusement Rides 2016 Wing
42%
92 Kingda Ka United States Six Flags Great Adventure Intamin Amusement Rides 2005 Accelerator
42%
84 Orion United States Kings Island Bolliger & Mabillard 2020 Hyper
42%
43 Dinoconda China China Dinosaurs Park S&S Sansei Technologies 2012 4th Dimension
41%
69 GhostRider United States Knott's Berry Farm Custom Coasters International 1998 Wooden
41%
60 Superman the Ride United States Six Flags New England Intamin Amusement Rides 2000 Mega
41%
76 Montu United States Busch Gardens Tampa Bay Bolliger & Mabillard 1996 Inverted
40%
83 Storm Runner United States Hersheypark Intamin Amusement Rides 2004 Accelerator
40%
62 iSpeed Italy Mirabilandia Intamin Amusement Rides 2009 LSM Launch
38%
66 Medusa Steel Coaster United States Six Flags Mexico Rocky Mountain Construction 2014 IBox Track
38%
79 Wonder Woman Golden Lasso United States Six Flags Fiesta Texas Rocky Mountain Construction 2018 Raptor Track
38%
53 Fønix Denmark Fårup Sommerland Vekoma Rides Manufacturing 2022 Sit Down
37%
88 New Texas Giant United States Six Flags Over Texas Rocky Mountain Construction 2011 IBox Track
37%
97 Behemoth Canada Canada's Wonderland Bolliger & Mabillard 2008 Hyper
35%
80 Diamondback United States Kings Island Bolliger & Mabillard 2009 Hyper
35%
82 Guardians of the Galaxy : Cosmic Rewind United States Walt Disney World - Epcot Vekoma Rides Manufacturing 2022 Spinning
35%
95 Xcelerator United States Knott's Berry Farm Intamin Amusement Rides 2002 Accelerator
35%
91 OzIris France Parc Astérix Bolliger & Mabillard 2012 Inverted
34%
90 Wonder Woman Flight of Courage United States Six Flags Magic Mountain Rocky Mountain Construction 2022 Raptor Track
31%
64 Pyrenees Japan Parque Espana-Shima Spain Village Bolliger & Mabillard 1997 Inverted
30%
71 Katun Italy Mirabilandia Bolliger & Mabillard 2000 Inverted
29%
40 Schwur des Kärnan Germany Hansa-Park Gerstlauer Amusement Rides 2015 Infinity
28%
99 Hades 360 United States Mt. Olympus Water & Theme Park The Gravity Group 2005 Hybride
27%
100 Wodan : Timbur Coaster Germany Europa Park Great Coasters International 2012 Wooden
27%
86 Balder Sweden Liseberg Intamin Amusement Rides 2003 Wooden (Prefabricated)
26%
85 Hyper Coaster Turkey Land of Legends Theme Park Mack Rides 2018 Hypercoaster
26%
96 Jersey Devil Coaster United States Six Flags Great Adventure Rocky Mountain Construction 2021 Raptor Track
26%
81 Piraten Denmark Djurs Sommerland Intamin Amusement Rides 2008 Ultra
26%
58 Wood Coaster China Knight Valley Great Coasters International 2022 Wooden
26%
74 Ravine Flyer II United States Waldameer The Gravity Group 2008 Hybrid
24%
77 Lightning Run United States Kentucky Kingdom Chance Rides 2014 Hyper GT-X
23%
94 Mahuka France Walibi Rhône-Alpes Intamin Amusement Rides 2024 Hot Racer
22%
37 Wind Chaser United States Kentucky Kingdom Rocky Mountain Construction 2016 IBox Track
22%
98 Coaster Through the Clouds China Nanchang Sunac Land Intamin Amusement Rides 2016 Mega
21%
93 Junker Finland PowerPark Gerstlauer Amusement Rides 2015 Infinity
21%
31 Beyond the Cloud China Suzhou Amusement Land Forest World Mack Rides 2022 Launch
19%
68 Flash China Lewa Adventure Mack Rides 2016 Hypercoaster
19%
89 Soaring with Dragon China Hefei Sunac Land Intamin Amusement Rides 2016 LSM Launch
17%
57 Starry Sky Ripper China World Joyland Bolliger & Mabillard 2011 Flying
17%
87 Bullet Coaster China Happy Valley Shenzhen S&S Sansei Technologies 2023 Air Launch
9%
70 Extreme Rusher China Happy Valley Beijing S&S Sansei Technologies 2011 Air Launch
6%
No matching quizzes found
Score Distribution
Percent of People with Each Score
Percentile by Number Answered
Your Score History
You have not taken this quiz